000 00525nam a2200181Ia 4500
005 20250508152918.0
008 008 250505s9999 xx 000 0 eng d
037 _aTextual
040 _aFEDL
_beng
_cFEDL
041 _aeng
_2eng
084 _a364.2, CLO
_qFEDL
100 _aCloward Richard A.
_9118159
245 0 _aDelinquency and opportunity : A theory of delinquent gangs
260 _aGlencoe
_bThe Free Press
_c1960
300 _axi,220p.
942 _cTEXL
_h364.2, CLO
999 _c1339567
_d1339567